[Event "10th KiiT Festival 2017"]
[Site "Bhubaneshwar"]
[Date "2017.05.27"]
[Round "1"]
[White "Ghosh, Diptayan"]
[Black "Ajay Karthikeyan"]
[Result "1-0"]
[WhiteElo "2569"]
[BlackElo "1988"]
[Annotator "TA"]
[PlyCount "183"]
[EventDate "2017.05.26"]
[EventType "swiss"]
[EventCountry "IND"]
[SourceTitle "playchess.com"]
[Source "ChessBase"]
[SourceQuality "1"]

{[%evp 19,183,27,44,50,60,25,12,27,13,20,16,-10,-4,-16,-23,-47,-45,-52,0,0,0,0,0,0,0,-2,0,0,0,0,0,0,0,0,0,0,0,0,10,10,16,10,30,12,27,27,27,27,27,27,27,15,27,27,27,27,27,0,0,0,2,0,0,0,0,-14,-14,-21,0,0,0,0,0,0,0,0,0,0,0,0,0,0,0,0,0,0,0,0,0,0,0,0,0,0,0,0,0,0,0,0,0,0,0,0,0,0,0,0,0,0,0,0,0,0,0,0,0,0,0,0,4,4,4,0,0,8,470,459,846,647,870,760,623,1211,1050,1088,922,775,535,75,2448,885,1789,0,12845,12844,12845,12845,12848,12847,12847,12847,12848,12848,12849,12849,12850,29969,12851,29976,12851,29985,12851,29985,12851,29986]} 1. d4 Nf6 2. c4 g6 3. g3 Bg7 4. Bg2 d6 5. Nc3 O-O 6. Nf3 Nc6 7. O-O a6 8. Bf4 Rb8 {E63: King's Indian: Fianchetto: Panno Variation with 7...a6} 9. Rc1 Re8 (9... Bd7 10. Qd2 b5 11. Nd5 bxc4 12. Nxf6+ Bxf6 13. Rxc4 e5 14. dxe5 Nxe5 15. Nxe5 dxe5 {1-0 (47) Svidler,P (2727)-Jones,G (2623) Berlin 2015}) 10. b3 Bd7 {LiveBook: 3 Games. White has an edge.} 11. d5 Na5 12. Nb1 $146 {b4 is the strong threat.} (12. c5 $5) ({Predecessor:} 12. e4 b5 13. Qd3 c5 14. Rfe1 Nh5 15. Bg5 bxc4 16. bxc4 {1-0 (35) Wen,Y (2550)-Nasanjargal,U (2304) Zaozhuang 2012}) 12... c5 13. dxc6 bxc6 14. Nc3 c5 15. Ng5 Nc6 16. Nd5 Nxd5 17. Qxd5 Rf8 18. Qd2 Qa5 (18... a5 $15) 19. Qxa5 $11 Nxa5 20. Ne4 Nc6 21. Rfd1 {Hoping for Nxc5!} Nd4 22. Kf1 Bc6 (22... Rfc8 {feels hotter.} 23. Bg5 Re8 24. Bd2 a5 25. Nc3 Kf8) 23. Nc3 Bxg2+ 24. Kxg2 Rb7 25. Kf1 Rd8 26. Na4 Rc8 27. Bd2 Nc6 28. e3 Nb4 29. Bxb4 $1 Rxb4 30. Ke2 Kf8 31. f4 Rc6 32. g4 e6 33. Rd3 Ke7 34. h4 Rb8 35. Kd2 h5 36. g5 f5 37. Re1 Rd8 38. e4 fxe4 39. Rxe4 Kf7 40. Kc2 d5 41. Re2 Bd4 42. Kd1 dxc4 43. bxc4 Rb8 {Strongly threatening ...Rb4.} 44. Rb3 $1 {[%cal Rb3b8]} Rxb3 45. axb3 {[%mdl 4096] Endgame KRB-KRN} Rc7 46. Kc2 Rb7 (46... Rc8 {looks sharper.} 47. Re1 Bf2 48. Rh1 Bd4 49. Rf1 Rb8) 47. Nc3 Bxc3 48. Kxc3 {KR-KR} Ke7 49. Ra2 Rb6 50. Ra1 Kd7 51. Re1 Rb8 52. Re2 Kd6 53. Ra2 Rb6 54. Ra5 Kc6 55. Kb2 Kd6 56. Ra1 Kc6 57. Ka3 Rb8 58. Re1 Kd6 59. Rd1+ Kc6 60. Rd3 Rf8 61. Re3 Kd7 62. Re4 Rb8 63. Kb2 Kd6 64. Kc3 Kd7 65. Re5 Kd6 66. Re1 Kd7 67. Ra1 Rb6 68. Ra3 Kc7 69. Kd3 Kd7 70. Ke4 Kd6 71. Ra1 Ke7 72. Ra5 Kd6 $2 {[%mdl 8192] [#]} (72... Rxb3 $11 73. Rxc5 Rc3) 73. b4 $1 $18 {[%cal Rb4c5][%mdl 512]} Rxb4 (73... Rc6 $142 74. bxc5+ Rxc5 75. Rxa6+ Ke7) 74. Rxa6+ Ke7 {[#]} 75. Ke5 $1 Rxc4 76. Rxe6+ Kf7 77. Rc6 Ra4 78. Rc7+ Kf8 {[#]} 79. Rxc5 $2 (79. f5 $1 $18 {[%cal Rf5g6]} gxf5 80. Kf6 (80. Rxc5 Rxh4 81. Kxf5 Rb4 $14) 80... Ra6+ 81. Kxf5) 79... Kf7 $2 {[%mdl 8192]} (79... Ra7 $16) 80. Rc7+ (80. f5 $142 gxf5 81. Kxf5 Rxh4 82. Rc7+ Kf8 83. Kg6) 80... Kf8 81. f5 $2 ({Only move:} 81. Rd7 $18 {Black must now prevent f5.} Ra5+ 82. Rd5) 81... gxf5 $2 {[%mdl 8192]} (81... Ra5+ $11 82. Ke6 Rxf5) 82. Kf6 {[%cal Rc7c8]} Ra6+ 83. Kxf5 Kg8 84. g6 Ra5+ 85. Kf6 {[%cal Rc7c8]} Ra6+ 86. Kg5 Ra5+ 87. Kh6 {[%cal Rc7c8]} Ra8 88. Kxh5 Ra4 89. Kg5 Ra5+ 90. Kh6 {[%cal Rc7c8]} Ra8 91. h5 Rb8 92. Rc5 {Precision: White = 70%, Black = 63%.} 1-0

[Event "10th KiiT Festival 2017"]
[Site "Bhubaneshwar"]
[Date "2017.05.27"]
[Round "1"]
[White "Rahman, Ziaur"]
[Black "Mohite, Ranveer"]
[Result "1-0"]
[WhiteElo "2526"]
[BlackElo "1985"]
[Annotator "TA"]
[PlyCount "63"]
[EventDate "2017.05.26"]
[EventType "swiss"]
[EventCountry "IND"]
[SourceTitle "playchess.com"]
[Source "ChessBase"]
[SourceQuality "1"]

{[%evp 15,63,25,51,47,45,11,47,25,62,70,72,49,70,78,78,73,107,87,230,202,201,228,268,230,242,241,233,233,230,224,214,202,219,143,147,152,140,158,210,156,273,240,253,248,295,275,961,947,1095,1058]} 1. c4 Nf6 2. g3 g6 3. Bg2 d5 4. cxd5 Nxd5 5. Nc3 Nxc3 6. bxc3 Bg7 7. Nf3 O-O 8. O-O Nd7 {LiveBook: 27 Games} 9. a4 {A16: English Opening: 1...Nf6 with ...d5} (9. Rb1 c5 10. Qa4 Nb6 11. Qa5 Bf5 12. Rb5 c4 13. Nd4 Bd7 14. Rc5 Na4 15. Qxd8 Rfxd8 16. Rxc4 e5 17. Nc2 Rac8 18. Rxc8 Bxc8 {1-0 (37) Erdos,V (2631)-Shishkin,V (2464) Deizisau 2012}) 9... e5 $146 ({Predecessor:} 9... c5 10. d4 e5 11. e3 Qa5 12. Qb3 Rb8 13. Ba3 b6 14. Ng5 exd4 15. cxd4 Ba6 16. Bd5 c4 17. Bxc4 Bxc4 18. Qxc4 Qxg5 19. Bxf8 Nxf8 {1-0 (55) Sznapik,A (2420)-Rajlich,I (2460) Warsaw 2010}) 10. a5 Rb8 (10... e4 $5 {[%cal Re4f3]} 11. Nd4 Nf6 $11) 11. d4 {White is slightly better.} exd4 12. cxd4 Re8 13. Bf4 Nf6 14. Rc1 Nd5 15. Bg5 Qd6 16. Ne5 f5 (16... Be6 $16 {might work better.}) 17. a6 Be6 18. axb7 {[#] And now Rc6 would win.} Rxb7 19. Rc6 Bxe5 20. Rxd6 Bxd6 21. Qa4 Reb8 22. Bxd5 Bxd5 23. Qd7 Bf7 24. f3 Be8 25. Qe6+ $40 {[%mdl 128] White has strong attack.} Bf7 26. Qf6 Bf8 (26... Rb6 $16) 27. Qa6 Bg7 (27... Rb2 $16 28. Qxa7 R8b7) 28. e3 $18 {[%cal Be2e3,Be3e4][%mdl 32]} Bd5 29. Bf4 Rd8 30. Be5 Rd7 $2 {[#]} (30... Bxe5 31. dxe5 Ra8) 31. e4 $1 {[%mdl 512]} Bxe5 (31... fxe4 32. fxe4) 32. dxe5 {Precision: White = 79%, Black = 41%.} 1-0

[Event "10th KiiT Festival 2017"]
[Site "Bhubaneshwar"]
[Date "2017.05.27"]
[Round "1"]
[White "Deviatkin, Andrei"]
[Black "Karthik Kumar Pradeep"]
[Result "1/2-1/2"]
[WhiteElo "2481"]
[BlackElo "1978"]
[Annotator "TA"]
[PlyCount "109"]
[EventDate "2017.05.26"]
[EventType "swiss"]
[EventCountry "IND"]
[SourceTitle "playchess.com"]
[Source "ChessBase"]
[SourceQuality "1"]

{[%evp 25,109,9,20,22,28,26,30,28,33,12,33,10,40,9,11,8,20,0,30,0,4,0,26,0,0,0,0,-43,16,0,0,-4,-18,-34,-37,-57,-31,-57,-36,-38,-25,-47,0,0,0,0,0,0,0,0,0,0,0,0,0,0,0,0,0,0,0,-87,-93,-89,-80,-91,-91,-108,0,0,0,-91,0,0,0,0,0,0,31,0,0,0,69,0,0,0]} 1. d4 Nf6 2. Nf3 e6 3. c4 Bb4+ 4. Bd2 Qe7 5. g3 Nc6 6. Bg2 Bxd2+ 7. Nbxd2 O-O 8. O-O d6 9. e4 e5 10. d5 Nb8 11. b4 a5 12. a3 Na6 13. Ne1 c6 {LiveBook: 6 Games. E11: Bogo-Indian} (13... Bg4 14. f3 Bd7 15. Nd3 c6 16. dxc6 bxc6 17. Re1 Be6 18. Kh1 Qa7 19. Bf1 Rfb8 20. f4 Bg4 21. Qc2 axb4 22. axb4 {1-0 (51) Tarjan,J (2525)-Bartell,T (2358) Douglas 2014}) 14. Qb3 Bd7 15. Nc2 cxd5 $146 {White has an edge.} ({Predecessor:} 15... Rfc8 16. Rfc1 Qe8 17. dxc6 bxc6 18. Qd3 Rd8 19. Nb3 axb4 20. axb4 d5 21. cxd5 cxd5 22. exd5 {1-0 (38) Enchev,I (2420)-Martian,D (2236) Arad 2015}) 16. cxd5 a4 17. Qb2 b5 18. f4 Rac8 19. Ne3 Ng4 20. Nxg4 Bxg4 21. Rf2 f6 22. Nf1 Qa7 23. Qd2 Rc4 24. Ne3 Rd4 25. Qe1 Bd7 26. fxe5 {Hoping for e6.} dxe5 (26... Rd3 $15 27. Nf5 Bxf5 28. exf5 fxe5) 27. Kh1 Rd3 28. Rf3 Nc7 {[%cal Ba6c7,Bc7e8,Be8d6][%mdl 32]} 29. Nd1 Rxf3 30. Bxf3 Ne8 31. Rc1 Nd6 32. Rc5 f5 33. exf5 e4 34. Bg2 ({Not} 34. Bxe4 $2 Re8 $19) 34... Bxf5 35. Ne3 Qd7 36. Rc6 Rf6 37. Qc3 {Threatens to win with Rc7.} Bh3 38. Qe5 Bxg2+ 39. Kxg2 h6 40. h3 Nf5 41. Rc3 Nxe3+ 42. Rxe3 $11 {[%mdl 4096] Endgame KQR-KQR} Rf5 43. Qe6+ (43. Qxe4 $11 Rxd5 44. g4) 43... Qxe6 $17 44. dxe6 {KR-KR} Re5 45. Rc3 Rxe6 46. Kf2 Kf7 (46... Rf6+ $17 47. Ke2 Kf7) 47. Ke3 $11 Kf6 48. Kd4 {[#]} (48. Rc7 $11 {keeps the balance.}) 48... h5 (48... e3 $1 $17 {[%cal Re3e2][%mdl 512]} 49. Rxe3 Rxe3 50. Kxe3 Ke5) 49. Ke3 g6 50. Rc8 Kf5 51. Rb8 Re5 52. Rf8+ {[%mdl 1024] White has compensation.} (52. Kd4 $5 {[%cal Rb8f8]} Re7 53. Rxb5+ Kf6 54. Rc5 $16) 52... Ke6 53. Rb8 Kf5 (53... Rd5 $11) 54. Rf8+ (54. Kd4 $1 $14 Re7 55. Rxb5+ Kf6 56. Rc5) 54... Ke6 55. Rb8 {Precision: White = 62%, Black = 56%.} 1/2-1/2

[Event "10th KiiT Festival 2017"]
[Site "Bhubaneshwar"]
[Date "2017.05.27"]
[Round "1"]
[White "Grover, Sahaj"]
[Black "Soham, Das"]
[Result "1/2-1/2"]
[WhiteElo "2478"]
[BlackElo "2067"]
[Annotator "TA"]
[PlyCount "44"]
[EventDate "2017.05.26"]
[EventType "swiss"]
[EventCountry "IND"]
[SourceTitle "playchess.com"]
[Source "ChessBase"]
[SourceQuality "1"]

{[%evp 19,44,-10,-9,-107,-93,-120,60,73,59,71,91,89,90,88,84,69,38,42,168,168,160,153,170,133,130,113,113]} 1. e4 c5 2. Nc3 Nc6 3. Nf3 e6 4. d4 cxd4 5. Nxd4 Qc7 6. a3 a6 7. Be2 b5 8. O-O Bb7 9. Be3 Nf6 10. f4 Bc5 {White must now prevent ...Qb6.} 11. b4 {B49: Sicilian: Taimanov: 5 Nc3 Qc7 6 Be3 a6 7 Be2} (11. Qd3 $11 {keeps the balance.}) (11. Bf3 d6 12. Kh1 O-O 13. Qd3 Bxd4 14. Bxd4 Nxd4 15. Qxd4 e5 16. Qe3 exf4 17. Qxf4 Nd7 18. Rad1 Ne5 {0-1 (53) Ivanov,A (2424)-Inarkiev,E (2667) Warsaw 2010}) 11... Bb6 $1 $17 12. Qd3 {[#]} Rc8 $2 (12... Nxd4 $1 $17 13. Bxd4 Rc8 14. Bxb6 Qxb6+ 15. Kh1 Qc6) 13. Ndxb5 {White is slightly better.} axb5 14. Nxb5 Bxe3+ 15. Qxe3 Qb8 {[#] Strongly threatening ...Ne7.} 16. e5 $1 $36 {[%mdl 2048] aiming for Nd6+. Keeping Black busy.} Nd5 17. Qc5 {Nd6+ is the strong threat.} Nce7 $1 18. Nd6+ Kf8 ({Black should try} 18... Qxd6 $1 $14 19. exd6 (19. Qxd6 Nf5 $15) 19... Rxc5 20. bxc5 Nc3) 19. Nxc8 $18 Qxc8 20. Qxc8+ Nxc8 21. c4 $146 Ne3 22. Rf2 Nb6 1/2-1/2

[Event "10th KiiT Festival 2017"]
[Site "Bhubaneshwar"]
[Date "2017.05.27"]
[Round "1"]
[White "Babujian, Levon"]
[Black "Jayaram K R"]
[Result "1/2-1/2"]
[WhiteElo "2438"]
[BlackElo "1073"]
[Annotator "TA"]
[PlyCount "120"]
[EventDate "2017.05.26"]
[EventType "swiss"]
[EventCountry "IND"]
[SourceTitle "playchess.com"]
[Source "ChessBase"]
[SourceQuality "1"]

{[%evp 15,120,0,7,0,20,0,0,2,0,-8,0,-6,-16,-30,-41,-22,-28,-133,-106,-116,-106,-109,-52,-61,-54,-61,-61,-61,-61,-61,-61,-53,-57,-64,-57,-66,-54,-60,-27,-27,-6,-7,-15,-9,0,0,0,0,0,0,0,0,0,0,10,0,0,0,20,0,0,0,21,0,28,0,0,0,0,0,-19,-116,-116,-116,-116,-112,-75,-111,0,0,0,0,0,0,0,0,0,0,0,0,0,0,0,0,0,0,0,0,0,0,0,0,0,0,0,0,0]} 1. e4 e5 2. Nc3 Nf6 3. Bc4 Bc5 4. d3 O-O 5. f4 d6 6. Nf3 Nc6 7. Na4 Bb6 8. Nxb6 axb6 {LiveBook: 5 Games} 9. O-O {C27: Vienna Game: 2...Nf6 3 Bc4 Nxe4} Qe7 (9... Na5 10. Bd5 c6 11. Bxf7+ Rxf7 12. fxe5 dxe5 13. b4 Nxe4 14. bxa5 Nf6 15. Bb2 Bg4 16. Bxe5 Rxa5 {½-½ (25) Mitkov,N (2561)-Mikhalevski,V (2566) Las Vegas 2006}) 10. f5 d5 11. exd5 Na5 $146 ({Predecessor:} 11... Nxd5 12. Kh1 Nf6 13. Bg5 Bxf5 14. Nh4 Bg6 15. Nxg6 hxg6 16. Qd2 Kh7 17. Rf3 Rh8 18. Raf1 {1-0 (18) Wibe,T-Arvoll,O Norway 1978}) 12. Bg5 b5 13. Bb3 Nxb3 14. axb3 Rxa1 $1 15. Qxa1 Qc5+ 16. Kh1 (16. d4 $1 $11 {keeps the balance.} exd4 17. Bxf6 gxf6 18. b4 Qxd5 19. Qe1) 16... Nxd5 17. c4 f6 18. Bd2 Nb4 (18... bxc4 $17 19. bxc4 Ne7) 19. d4 $1 $15 {[%cal Rd4c5]} exd4 20. Qa3 Nd3 {[#] And now ...Qxa3 would win.} 21. Qxc5 Nxc5 22. Bb4 b6 $1 {...Re8 is the strong threat.} 23. Nxd4 bxc4 24. bxc4 Re8 25. Nb5 Na6 26. Bc3 Bd7 27. h3 Bxb5 28. cxb5 $11 {[%mdl 4096] Endgame KRB-KRN} Nc5 29. Rd1 Re7 30. Rd8+ Kf7 31. g4 Rd7 32. Rc8 Na4 33. Bb4 {[%csl Gb4][%cal Rc8f8]} Nc5 34. Kg2 Ke7 35. Kf3 Rd3+ 36. Ke2 {Black must now prevent Bxc5+.} Rd7 (36... Kd7 $5 {[%cal Rd7c8]} 37. Rg8 Rxh3 $14) 37. Bd2 (37. Bxc5+ $5 bxc5 38. Rh8 $14) 37... Ne4 38. Bb4+ Nc5 39. Ra8 h6 40. Rg8 (40. Bxc5+ $5 bxc5 41. Ke3 $14) 40... Kd6 41. Kf3 Kd5 42. h4 Kc4 43. Bc3 {[#]} (43. Bxc5 $1 $11 {remains equal.} Kxc5 44. g5) 43... Na4 $1 $17 44. g5 hxg5 45. hxg5 Nxc3 46. bxc3 fxg5 {KR-KR} (46... Kxb5 $17 47. g6 Kc5) 47. Kg4 $11 {The position is equal.} Kxb5 48. Kxg5 Kc4 49. Kg6 c5 50. Rxg7 Rd3 51. f6 Rxc3 52. f7 Rf3 53. Rg8 b5 {[%cal Bb6b5,Bb5b4,Bb4b3][%mdl 32]} 54. f8=Q Rxf8 55. Rxf8 {KR-KPP} b4 56. Kf5 Kc3 57. Ke4 b3 58. Rf3+ Kc2 59. Rf2+ Kc3 60. Rf3+ Kc2 {Precision: White = 56%, Black = 68%.} 1/2-1/2

[Event "10th KiiT Festival 2017"]
[Site "Bhubaneshwar"]
[Date "2017.05.27"]
[Round "1"]
[White "Khusenkhojaev, Muhammad"]
[Black "Saksham Rautela"]
[Result "1-0"]
[WhiteElo "2433"]
[BlackElo "1969"]
[Annotator "TA"]
[PlyCount "111"]
[EventDate "2017.05.26"]
[EventType "swiss"]
[EventCountry "IND"]
[SourceTitle "playchess.com"]
[Source "ChessBase"]
[SourceQuality "1"]

{[%evp 9,111,12,18,4,13,0,0,0,5,0,27,22,24,26,21,22,23,20,27,19,35,20,31,14,51,50,56,15,7,-5,0,0,0,-28,-10,-11,0,-42,-37,-50,73,83,112,109,94,88,95,94,95,100,102,102,100,102,96,89,106,106,113,106,103,100,118,109,122,120,133,135,137,130,133,137,216,212,212,216,220,206,219,219,220,170,214,209,228,0,216,203,207,210,194,215,241,226,470,491,552,514,543,516,1139,1135,1101,1101]} 1. Nf3 d5 2. g3 Nf6 3. Bg2 Bg4 4. h3 Bxf3 5. Bxf3 e5 (5... c6 6. d3 Nbd7 7. O-O e5 8. e4 dxe4 9. dxe4 Bc5 10. c3 a5 11. b3 O-O 12. a3 {½-½ (58) Granda Zuniga,J (2679)-Anton Guijarro,D (2564) Madrid 2013}) 6. d3 {A07: Réti Opening: New York and Capablanca Systems} Be7 $146 ({Predecessor:} 6... Nbd7 7. O-O Bd6 8. Nc3 c6 9. e4 d4 10. Ne2 O-O 11. c3 dxc3 12. bxc3 {1-0 (43) Issa,R (2191)-Hassan,A (2260) Doha 2002}) 7. c4 c6 8. Qb3 {The position is equal.} Qd7 9. cxd5 cxd5 (9... Nxd5 {is interesting.} 10. Nc3 Nf6 11. Ne4 Nd5 12. Nc3) 10. Bg5 Nc6 11. Bxf6 Bxf6 12. Qxd5 Qxd5 13. Bxd5 Nb4 14. Bb3 $1 ({Wrong is} 14. Bxb7 $2 Rb8 $19) 14... e4 $1 15. Nc3 exd3 16. a3 Rc8 17. Kd2 Nc6 18. exd3 O-O 19. Rae1 Rfd8 20. Re4 Nd4 21. Bd1 Rd6 22. Re3 Rb6 23. b4 (23. Na4 $5 {[%cal Ra4b6]} Rbc6 24. Nc3 $11) 23... Ra6 $1 24. Bg4 Ne6 (24... Nb3+ $15 {stays ahead.} 25. Kd1 Rf8) 25. Nd5 $16 Kf8 26. Nxf6 gxf6 27. Ra1 Rac6 28. Ra2 R8c7 29. b5 Rd6 30. Bxe6 fxe6 {[%mdl 4096] Endgame KRR-KRR} 31. Rc2 Rcd7 32. Rc4 Rb6 33. a4 a6 34. bxa6 bxa6 35. Kc3 e5 36. f4 exf4 37. Rxf4 Rdb7 38. Ree4 Rb3+ 39. Kd2 Kf7 40. Rh4 Kg6 {[#]} (40... Kg7 $16 41. Reg4+ Kf8) 41. Reg4+ $1 $18 Kf5 42. Rh5+ Ke6 43. Re4+ Kd6 44. Rf5 Rf7 45. Ke3 Rb2 46. Ra5 Ra7 47. Rf5 Rf7 48. Ref4 Ke6 49. g4 Rh2 50. Rf3 h6 51. Kf4 Rd7 $2 {[#]} (51... Rf8 {was necessary.} 52. Rc5 Re2 53. Rc6+ Kf7 54. Rxa6 Re6 55. Ra7+ Re7) 52. Kg3 {White is clearly winning.} Rd2 53. Rxf6+ Ke5 54. Rxh6 R7xd3 (54... Rd1 $142 55. Rxa6 Kd4) 55. Rxd3 Rxd3+ 56. Kh4 {Precision: White = 75%, Black = 40%.} 1-0

[Event "10th KiiT Festival 2017"]
[Site "Bhubaneshwar"]
[Date "2017.05.27"]
[Round "1"]
[White "Murshed, Niaz"]
[Black "Bidhar, Rutumbara"]
[Result "1/2-1/2"]
[WhiteElo "2423"]
[BlackElo "1964"]
[Annotator "TA"]
[PlyCount "65"]
[EventDate "2017.05.26"]
[EventType "swiss"]
[EventCountry "IND"]
[SourceTitle "playchess.com"]
[Source "ChessBase"]
[SourceQuality "1"]

{[%evp 9,65,8,8,0,39,40,34,33,30,20,64,20,29,39,41,20,20,-13,0,-19,-29,-52,35,0,9,-5,-1,-18,27,20,48,18,24,-34,0,0,0,-2,0,-30,0,0,3,25,90,87,80,47,38,26,25,0,0,-64,-52,-41,-55,-51]} 1. c4 e5 2. Nc3 Nf6 3. g3 d5 4. cxd5 Nxd5 5. Bg2 Nf6 6. Nf3 {A22: English Opening: 1...e5 2 Nc3 Nf6} (6. e3 Be7 7. Nge2 O-O 8. O-O Na6 9. f4 exf4 10. Nxf4 c5 11. b3 Nb4 12. Bb2 Rb8 13. d4 cxd4 14. exd4 g5 {½-½ (14) Ipatov,A (2583)-Tiviakov,S (2654) Cape Town 2013}) 6... Bd6 7. d4 exd4 8. Nxd4 {White is slightly better.} Be5 $146 ({Predecessor:} 8... c6 9. O-O O-O 10. h3 Be5 11. Nb3 Qe7 12. e4 Rd8 13. Qe2 b6 {½-½ (67) Janoschka,A (2261)-Rufft,W Germany 2001}) 9. Qa4+ Qd7 10. Qxd7+ (10. Ndb5 {feels hotter.} O-O 11. Bf4 Qe7 12. Rd1 a6 13. Bxe5 Qxe5 14. Nd4) 10... Nbxd7 11. Nb3 a5 12. a4 c6 13. Bd2 O-O 14. f4 Bc7 15. e4 Ne8 (15... Re8 $15) 16. O-O f6 17. Kh1 Nd6 18. Rad1 Rb8 19. Bc1 Nf7 20. Nd4 {And now Ne6 would win.} Nc5 21. b3 ({Better is} 21. Be3 $11) 21... Rd8 (21... Bg4 $5 {[%cal Rg4d1]} 22. Rd2 Ne6 $11) 22. Be3 Bg4 23. Rb1 Ne6 24. Nc2 Rd3 25. Nd1 $1 Bxd1 26. Rfxd1 Rbd8 (26... Rc3 $11 27. Rb2 g5) 27. Rxd3 $16 Rxd3 28. Bf1 Rc3 29. Rb2 {Strongly threatening Bc4.} Nc5 30. Bc4 (30. Bxc5 $5 Rxc5 31. Bc4 $14) 30... Nd3 $1 {[%cal Rd3b2]} 31. Bxf7+ (31. Bxd3 $11 Rxd3 32. Kg2) 31... Kxf7 $15 32. Bd4 Nxb2 33. Bxc3 {Precision: White = 37%, Black = 39%.} 1/2-1/2

[Event "10th KiiT Festival 2017"]
[Site "Bhubaneshwar"]
[Date "2017.05.27"]
[Round "1"]
[White "Raghunandan, Kaumandur Srihari"]
[Black "Nair, Sanjeev"]
[Result "1-0"]
[WhiteElo "2410"]
[BlackElo "1960"]
[Annotator "TA"]
[PlyCount "79"]
[EventDate "2017.05.26"]
[EventType "swiss"]
[EventCountry "IND"]
[SourceTitle "playchess.com"]
[Source "ChessBase"]
[SourceQuality "1"]

{[%evp 22,79,29,29,44,49,88,86,107,105,98,98,146,128,146,134,159,172,182,148,155,144,155,152,156,152,187,177,178,174,182,182,183,179,181,179,177,171,183,174,190,188,196,180,170,168,207,210,209,210,209,195,238,238,259,265,258,258,260,259]} 1. d4 d5 2. c4 c6 3. Nf3 e6 4. Qc2 dxc4 5. Qxc4 Nf6 6. g3 b5 7. Qc2 Bb7 8. Bg2 Be7 9. O-O O-O 10. Rd1 {D30: Queen's Gambit Declined: Systems without Nc3} Nbd7 11. Nc3 Rc8 (11... b4 12. Na4 Qa5 13. Nd2 Ba6 14. e4 e5 15. Nf3 Rad8 {1-0 (55) Andreikin,D (2689)-Zhou,W (2573) Moscow 2011}) 12. Ne5 {LiveBook: 6 Games. White has an edge.} Qb6 13. Be3 Qc7 {[#]} 14. Nxd7 $1 Nxd7 $146 ({Predecessor:} 14... Qxd7 15. Bg5 Rfd8 16. e4 h6 17. Bxf6 Bxf6 {1-0 (43) Chirivi Castiblanco,J (2169)-Rodriguez Rueda,P (2076) El Bagre 2010}) 15. Rac1 Qb8 16. Ne4 Nb6 17. Bf4 Qa8 18. Bd6 $36 {[%mdl 2048] Keeping Black busy.} Nd5 19. Bxe7 Nxe7 20. Nd6 Rcd8 21. Qc5 a6 22. Nxb7 Qxb7 23. Bxc6 Qc7 24. Be4 Qd7 25. Qc7 g6 26. e3 Rfe8 27. Qxd7 Rxd7 28. Rc5 Rb8 29. Rdc1 Kf8 30. Kf1 Rb6 31. Ke2 Ke8 32. Bc6 Nxc6 33. Rxc6 Rd6 34. Rxb6 Rxb6 $18 {[%mdl 4096] Endgame KR-KR} 35. Rc7 h5 36. Kd3 Kf8 37. Kc3 a5 38. Ra7 {White has a decisive advantage.} Rc6+ 39. Kd2 a4 40. Rb7 {Precision: White = 96%, Black = 37%.} 1-0

[Event "10th KiiT Festival 2017"]
[Site "Bhubaneshwar"]
[Date "2017.05.27"]
[Round "1"]
[White "Sidhant, Mohapatra"]
[Black "Manish Anto Cristiano F"]
[Result "1-0"]
[WhiteElo "2393"]
[BlackElo "1944"]
[Annotator "NA"]
[PlyCount "93"]
[EventDate "2017.05.26"]
[EventType "swiss"]
[EventCountry "IND"]
[SourceTitle "playchess.com"]
[Source "ChessBase"]
[SourceQuality "1"]
[TimeControl "5400+30"]

1. e4 c5 2. Nf3 d6 3. d4 cxd4 4. Qxd4 Nc6 5. Bb5 Bd7 6. Bxc6 Bxc6 7. Bg5 h6 8. Bh4 Nf6 9. Nc3 g5 10. Bg3 Bg7 11. Qd3 Qb6 12. O-O O-O 13. Nd4 Bd7 14. e5 dxe5 15. Bxe5 e6 16. Rad1 Rfd8 17. h4 Nh5 18. Bxg7 Kxg7 19. Qe3 f6 20. Na4 Qb4 21. Nc5 Kh7 22. Ncxe6 Bxe6 23. Qxe6 Qf8 24. Qf5+ Kh8 25. Ne6 Ng7 26. Nxg7 Qxg7 27. h5 g4 28. Rfe1 Qg5 29. Qxg5 hxg5 30. Rxd8+ Rxd8 31. Re7 Rd2 32. Rxb7 Rxc2 33. Kh2 Rxf2 34. Kg3 Rd2 35. Kxg4 Rxg2+ 36. Kf5 Rd2 37. Kg6 Rd8 38. Rh7+ Kg8 39. Rxa7 g4 40. Ra3 Rb8 41. Rc3 Kf8 42. b3 Rb4 43. Kxf6 Ke8 44. Re3+ Kd8 45. a3 Rb7 46. Kg6 Rb6+ 47. Kg5 1-0

[Event "10th KiiT Festival 2017"]
[Site "Bhubaneshwar"]
[Date "2017.05.27"]
[Round "1"]
[White "Krishna C R G"]
[Black "Toshali, V."]
[Result "1-0"]
[WhiteElo "2392"]
[BlackElo "1943"]
[Annotator "NA"]
[PlyCount "133"]
[EventDate "2017.05.26"]
[EventType "swiss"]
[EventCountry "IND"]
[SourceTitle "playchess.com"]
[Source "ChessBase"]
[SourceQuality "1"]
[TimeControl "5400+30"]

1. d4 d5 2. Nf3 Nc6 3. g3 Bf5 4. Bg2 e6 5. O-O Nb4 6. Na3 Nf6 7. Bf4 c6 8. c3 Na6 9. Qa4 Bd6 10. Ne5 Bxe5 11. Bxe5 O-O 12. Qd1 Nc7 13. c4 Rc8 14. Qb3 Rb8 15. Rac1 Nfe8 16. Rfd1 f6 17. Bf4 Rf7 18. Nb1 Nd6 19. Nd2 g5 20. Be3 Qe7 21. f3 Bg6 22. Bf2 f5 23. Re1 Qd7 24. Qa3 a6 25. Qb4 h6 26. Rc3 Rbf8 27. a4 Nce8 28. Rcc1 Nf6 29. Qa3 h5 30. Qe3 Nh7 31. Bh3 g4 32. Bg2 Kg7 33. Qe5+ Nf6 34. Be3 Nde8 35. Bf4 Kh7 36. Nb3 dxc4 37. Nc5 Qd5 38. Nxe6 Rg8 39. Ng5+ Kg7 40. e4 fxe4 41. fxe4 Qxe5 42. dxe5 Nh7 43. Nxf7 Bxf7 44. a5 Be6 45. Bf1 Nc7 46. Red1 Kf7 47. Bxc4 Ke7 48. Be3 Bxc4 49. Rxc4 Nb5 50. Rc2 Ng5 51. Bxg5+ Rxg5 52. Rcd2 Rxe5 53. Rd7+ Ke6 54. Rd8 Kf6 55. R1d7 Rxe4 56. Rxb7 Ra4 57. Rb6 Rxa5 58. Rxc6+ Ke7 59. Rh8 Kd7 60. Rc5 Ra2 61. Rc2 Ke6 62. Rd2 Ke5 63. Rxh5+ Ke4 64. Kf2 Nd4 65. Rg5 Ra4 66. Rxg4+ Ke5 67. h4 1-0

[Event "10th KiiT Festival 2017"]
[Site "Bhubaneshwar"]
[Date "2017.05.27"]
[Round "1"]
[White "Padmini, Rout"]
[Black "Chandreyee, Hajra"]
[Result "0-1"]
[WhiteElo "2380"]
[BlackElo "1934"]
[Annotator "NA"]
[PlyCount "96"]
[EventDate "2017.05.26"]
[EventType "swiss"]
[EventCountry "IND"]
[SourceTitle "playchess.com"]
[Source "ChessBase"]
[SourceQuality "1"]
[TimeControl "5400+30"]

1. e4 c6 2. d4 d5 3. e5 Bf5 4. Nf3 e6 5. Be2 Ne7 6. O-O h6 7. Nbd2 Bh7 8. Nb3 Nd7 9. a4 Nf5 10. Bd3 Be7 11. g4 Nh4 12. Bxh7 Nxf3+ 13. Qxf3 Rxh7 14. Qd3 Rh8 15. f4 c5 16. f5 c4 17. Qf3 Nxe5 18. dxe5 cxb3 19. Be3 bxc2 20. Bd4 Rc8 21. Rac1 Rc4 22. Qd3 Qc8 23. Rf2 Bc5 24. Bxc5 Qxc5 25. Rcxc2 Rxc2 26. Qxc2 Qxc2 27. Rxc2 Kd7 28. fxe6+ fxe6 29. Rf2 Ke7 30. Rc2 Rd8 31. Kg2 Kd7 32. Kg3 Rf8 33. Rc1 Rc8 34. Rf1 Ke7 35. Rf3 Rc4 36. a5 b6 37. axb6 axb6 38. Re3 Kd7 39. h4 Kc6 40. h5 d4 41. Rf3 Kd5 42. Rf7 d3 43. Rxg7 Rd4 44. Kf2 d2 45. Rd7+ Kxe5 46. Rxd4 Kxd4 47. Ke2 Ke5 48. g5 hxg5 0-1